Normal view
MARC view
Entry Topical Term
001 - CONTROL NUMBER
- control field: 39332
003 - CONTROL NUMBER IDENTIFIER
- control field: ARRUPE
005 - DATE AND TIME OF LATEST TRANSACTION
- control field: 20180216115432.0
008 - FIXED-LENGTH DATA ELEMENTS
- fixed length control field: 180216|| aca||aabn | a|a d
040 ## - CATALOGING SOURCE
- Original cataloging agency: ARRUPE
- Transcribing agency: ARRUPE
150 ## - HEADING--TOPICAL TERM
- Topical term or geographic name as entry element: Africa, Southern
- General subdivision: Description and travel
670 ## - SOURCE DATA FOUND
- Source citation: Work cat.: (ARRUPE)9358: Moller, Peter August 39331, Journey in Africa through Angola, Ovampoland and Damaraland = Resa i Afrika. English, 1974